Návrh vykurovacej sústavy so zdrojom tepla na báze OZE pre halový objekt s administratívnou budovou

Gespeichert in:
Bibliographische Detailangaben
1. Verfasser: Ňuňuková, Soňa (Verfasst von)
Weitere Verfasser: Koudelková, Daniela (Betreuung Doktorarbeit)
Format: Manuskript Buch
Sprache:Slowakisch
Veröffentlicht: 2025
Schlagworte:
Online-Zugang:http://is.stuba.sk/zp/portal_zp.pl?podrobnosti=183090
CRZP
Tags: Tag hinzufügen
Keine Tags, Fügen Sie das erste Tag hinzu!

MARC

LEADER 00000ntm a22000003a 4500
001 stuzp104181
003 SK-STU
005 20250729143516.8
007 ta
008 150427s2015----xo-----f-mn---000-0-slo-d
040 |a STU  |b slo 
041 0 |a slo 
100 1 |a Ňuňuková, Soňa  |u 010290  |4 aut  |U SvF Stavebná fakulta  |T SvF Katedra technických zariadení budov  |X 103796  |U V290  |Y 31  |7 103796 
242 0 1 |a Design of a Heating System Using Renewable Energy Sources for an Industrial Hall with an Administrative Building  |y eng 
245 1 0 |a Návrh vykurovacej sústavy so zdrojom tepla na báze OZE pre halový objekt s administratívnou budovou 
260 |c 2025 
650 4 |a heating system  |2 eng 
650 4 |a heat pump  |2 eng 
650 4 |a renewable energy sources  |2 eng 
650 4 |a industrial hall  |2 eng 
650 4 |a obnoviteľné zdroje energie  |2 slo 
650 4 |a vykurovacia sústava  |2 slo 
650 4 |a administratívna budova  |2 slo 
650 4 |a halový objekt  |2 slo 
650 4 |a tepelné čerpadlo  |2 slo 
700 1 |a Koudelková, Daniela  |u 010290  |k Z1  |4 ths  |U SvF Stavebná fakulta  |T SvF Katedra technických zariadení budov  |X 793  |U V290  |Y 31  |7 A000000793 
856 4 |u http://is.stuba.sk/zp/portal_zp.pl?podrobnosti=183090 
856 4 |u https://opac.crzp.sk/?fn=detailBiblioForm&sid=226A7A544DA3649F6F5533E9F6D0  |z CRZP